00633nam a2200193Ia 4500008004100000020001500041082001500056100001500071245003700086250000800123260002500131300001100156500002400167650001200191942000700203952010600210952010600316999001700422230524s9999 xx 000 0 und d a8120308689 a4.133bKOS aBart Kosko 0aNeural Networks and Fuzzy System a1ST aNEW DELHIbPHIc2005 aXV;425 aQuantity Number: 2 aComp-Sc cBK 00104070aTATCLbTATCLcGENd2023-05-24l0o004.133 KOSp8723r2023-05-24w2023-05-24yBKzPEEE5401 00104070aTATCLbTATCLcGENd2023-05-24l0o004.133 KOSp8724r2023-05-24w2023-05-24yBKzPEEE5401 c30788d30788